[Event "Dewan Astana Karnival op"]
[Site "Dewan Astana"]
[Date "2015.07.31"]
[Round "5"]
[White "See, Kai Jun"]
[Black "Razali, Faeznor"]
[Result "1-0"]
[WhiteElo "1313"]
[BlackElo "1675"]
[PlyCount "57"]
[EventDate "2015.07.29"]
[EventType "swiss"]
[EventRounds "7"]
[EventCountry "MAS"]
[SourceTitle "EXT 2017"]
[Source "ChessBase"]
[SourceDate "2016.10.25"]
[SourceVersion "1"]
[SourceVersionDate "2016.10.25"]
[SourceQuality "1"]

1. d4 Nf6 2. c4 e6 3. Nc3 d5 4. cxd5 exd5 5. Qc2 c6 6. Bg5 Be7 7. e3 Nbd7 8. Bd3 h6 9. Bh4 0-0 10. Nf3 Re8 11. 0-0 Ne4 12. Bxe7 Qxe7 13. Nd2 Ndf6 14. Rae1 Nxd2 15. Qxd2 Qd6 16. f3 Bd7 17. Kh1 Rad8 18. e4 dxe4 19. fxe4 Qb4 20. a3 Qa5 21. Rxf6 gxf6 22. e5 fxe5 23. Qxh6 e4 24. Re3 Bg4 25. Rg3 f5 26. Bc4+ Rd5 27. Qg6+ Kf8 28. Qf6+ Kg8 29. Qxf5 1-0